Hüzne konan kelebek (Record no. 7712)

MARC details
000 -BAŞLIK
Sabit Uzunlukta Kontrol Alanı 00593na a2200229 4500
001 - KONTROL NUMARASI
Denetim Alanı 20811
003 - KONTROL NUMARASI IDENTIFIER
Denetim Alanı MIRAKIL
005 - SON İŞLEM TARİHİ VE ZAMANI
Denetim Alanı 20181213155147.0
008 - SABİT-BOY VERİ ELEMANLARI - GENEL BİLGİLER
Sabit Uzunlukta Kontrol Alanı 170127b tu 000 0
020 ## - ULUSLARARASI STANDART KİTAP NUMARASI
Uluslararası Standart Kitap Numarası 9789944106153
040 ## - KATALOGLAMA KAYNAK
Orijinal Kataloglama Ajansı Milas
Kataloglama Dili tur
Metne Dönüştürmek Ajansı TR-AnCHP
041 ## - DİL KODU
Metin / Ses Parça Veya Ayrı Başlığın Dil Kodu tur
082 ## - DEWEY ONLU SINIFLANDIRMA NUMARASI
Sınıflandırma Numarası 813.42
Ürün Numarası Ş23h 2010
090 ## - SINIFLAMA NUMARASI
Sınıflama Numarası 813.42 Ş23h 2010
100 ## - ANA GİRİŞ - KİŞİSEL İSİM
Kişisel Ad Şahin, Erdal
245 ## - BAŞLIK TABLOSU
Başlık Hüzne konan kelebek
Sorumluluk Tablosu, Vb Erdal Şahin
260 ## - YAYIN, DAĞITIM, VB
Yayın, Dağıtım, Vb Yeri İstanbul
Yayıncı, Dağıtıcı, Vs Adı Aya kitap
Yayın, Dağıtım, Vb Tarihi 2010
Üretici Firma Kurtiş Matbaacılık
300 ## - FİZİKSEL TANIM
Kapsam 295
Boyutlar 20 sm.
490 ## - SERİSİ TABLOSU
Seri Beyanı Aya edebiyat
Hacim / Ardışık Tanımı 10
650 ## - KONU KATMA GİRİŞ - TOPİKAL DÖNEM
Topikal Süreli Veya Coğrafi Ad Giriş Elemanı Türk romanı
942 ## - EKLENDİ GİRİŞ ELEMANLARI (KOHA)
Sınıflandırma Veya Raf Düzeni Kaynak Dewey Decimal Classification
Koha Öğesi Türü Books
999 ## - SİSTEM KONTROL NUMARALARI (KOHA)
Koha Biblionumber 7712
Koha Biblioitemnumber 7712
Holdings
Kalıcı Konum Mevcut Konum Edinme Tarihi Edinim Kaynak Toplam Check-Out'Lar Tam Çağrı Numarası Barkod Tarih Son Görülme İtibaren Geçerli Fiyatlar Koha Öğesi Türü
CHP Kütüphanesi CHP Kütüphanesi 01/27/2017 Bağış   813.42 Ş23h 2010 012125 01/27/2017 01/27/2017 Books